| 000 | 00532nam a2200157Ia 4500 | ||
|---|---|---|---|
| 008 | 160316s1996 xxu||||| |||| 00| 0 eng d | ||
| 082 |
_a362.704400 _bWOR |
||
| 100 | _a | ||
| 245 | _aPrime time for children : Media, ethics and reporting of commercial sexual exploitation | ||
| 250 | _a | ||
| 260 |
_aSweden _bWorld congress against commercial sexual of childr _c1996 |
||
| 300 |
_a29 _b _c |
||
| 365 | _b | ||
| 650 | _achilden report, Media, sexual exploitation, child abuse, convention on the rights of the child | ||
| 700 |
_a _a |
||
| 999 |
_c27939 _d27939 |
||